[Event "London Classic Open 2017"]
[Site "London ENG"]
[Date "2017.12.05"]
[Round "5.37"]
[White "Osborne, Marcus E"]
[Black "Martins, David Pires Tavares"]
[Result "0-1"]
[BlackTitle "IM"]
[WhiteElo "2175"]
[BlackElo "2400"]
[WhiteFideId "404608"]
[BlackFideId "1909991"]
[EventDate "2017.12.02"]

1. d4 g6 2. g3 Bg7 3. Bg2 d6 4. Nc3 Nf6 5. Nf3 O-O 6. O-O c6 7. a4 Qc7 8. b3 a5
9. e4 Bg4 10. h3 Bxf3 11. Bxf3 Na6 12. Re1 Nd7 13. Bg5 e5 14. d5 f6 15. Bd2 Nb6
16. Qe2 cxd5 17. Nb5 Qd8 18. Bxa5 Nc5 19. b4 Ncd7 20. Rad1 f5 21. Bxb6 Nxb6 22.
a5 dxe4 23. Rxd6 exf3 24. Qxf3 Qc8 25. Rxb6 Qxc2 26. Qd5+ Kh8 27. Nd6 f4 28.
Rxb7 h6 29. Nf7+ Kh7 30. Qd7 Rg8 31. Qd1 Qc6 32. Rb6 Qc7 33. Qd5 fxg3 34. fxg3
e4 35. Re2 Qxg3+ 36. Rg2 Qe3+ 37. Kh2 Qf4+ 38. Kh1 Rac8 39. Rbxg6 Rc1+ 40. Rg1
Qf3+ 41. Kh2 Rc2+ 42. R1g2 Rxg2+ 0-1

[Event "London Classic Open 2017"]
[Site "London ENG"]
[Date "2017.12.05"]
[Round "5.38"]
[White "Munguntuul, Batkhuyag"]
[Black "Brozel, Sacha"]
[Result "1-0"]
[WhiteTitle "IM"]
[WhiteElo "2397"]
[BlackElo "2168"]
[WhiteFideId "4900758"]
[BlackFideId "429317"]
[EventDate "2017.12.02"]

1. e4 e6 2. d4 d5 3. Nc3 Bb4 4. e5 c5 5. Bd2 Nh6 6. Nb5 Bxd2+ 7. Qxd2 O-O 8. Nf3
Nc6 9. dxc5 b6 10. Qc3 Ba6 11. Bd3 bxc5 12. Qxc5 Qa5+ 13. Qc3 Nb4 14. O-O Rfc8
15. Qd2 Bxb5 16. a3 Nc6 17. Qxa5 Nxa5 18. Bxb5 Rxc2 19. b4 Nc4 20. a4 Rc8 21.
Ba6 Rc7 22. a5 f6 23. exf6 gxf6 24. Nd4 Rb2 25. Nxe6 Rc6 26. Bb7 Rd6 27. Rab1
Rxb1 28. Rxb1 d4 29. Nf4 Kf8 30. Bd5 Ne5 31. b5 Nd7 32. b6 a6 33. Rd1 Nf5 34. g4
Ne7 35. Rxd4 1-0

[Event "London Classic Open 2017"]
[Site "London ENG"]
[Date "2017.12.05"]
[Round "5.39"]
[White "Healey, Michael W"]
[Black "Van Delft, Merijn"]
[Result "0-1"]
[BlackTitle "IM"]
[WhiteElo "2163"]
[BlackElo "2393"]
[WhiteFideId "410012"]
[BlackFideId "1004670"]
[EventDate "2017.12.02"]

1. b4 e5 2. Bb2 Bxb4 3. Bxe5 Nf6 4. c4 O-O 5. e3 Nc6 6. Bb2 d5 7. a3 Ba5 8. cxd5
Nxd5 9. Nf3 Bf5 10. Be2 Qe7 11. O-O Rad8 12. Re1 Rfe8 13. Qc1 Nf6 14. Nd4 Nxd4
15. Bxd4 Ne4 16. f3 Rxd4 17. fxe4 Rxe4 18. Bf3 Rd4 19. Nc3 Rd3 20. Nd5 Qd6 21.
e4 Be6 22. Qc4 Bb6+ 23. Kh1 Rxa3 24. Rab1 c6 25. Nxb6 axb6 26. Qc1 Ra6 27. e5
Qd8 28. Rb4 b5 29. Qc3 Qa8 30. Rh4 Ra3 31. Qc2 h6 32. Rf4 Ra1 33. Bd1 Rd8 34. h4
Qa2 0-1

[Event "London Classic Open 2017"]
[Site "London ENG"]
[Date "2017.12.05"]
[Round "5.40"]
[White "Cumming, Rhys"]
[Black "Gourlay, Iain"]
[Result "0-1"]
[BlackTitle "FM"]
[WhiteElo "2162"]
[BlackElo "2378"]
[WhiteFideId "470163"]
[BlackFideId "2401533"]
[EventDate "2017.12.02"]

1. e4 e5 2. Nf3 Nc6 3. Bc4 Nf6 4. d3 Be7 5. O-O O-O 6. Re1 d6 7. a4 Na5 8. Ba2
c5 9. c3 Nc6 10. Na3 h6 11. Bd2 a6 12. Nc4 Be6 13. b4 cxb4 14. cxb4 b5 15. Ne3
d5 16. exd5 Nxd5 17. Bxd5 Bxd5 18. axb5 Bxf3 19. Qxf3 Nd4 20. Qg3 axb5 21. Rxa8
Qxa8 22. Bc3 Re8 23. Ng4 Qc6 24. Bxd4 exd4 25. h3 h5 26. Nh2 Bxb4 27. Rxe8+ Qxe8
28. Nf3 Bc3 29. Qd6 b4 30. Nxd4 Qe1+ 31. Kh2 Qxf2 32. Nf3 h4 33. Qb8+ Kh7 34.
Ng5+ Kg6 35. Ne4 Qd4 36. Qc8 Qe5+ 37. Kg1 Bd4+ 38. Kh1 f5 39. Qc6+ Kh5 40. Ng3+
hxg3 0-1

[Event "London Classic Open 2017"]
[Site "London ENG"]
[Date "2017.12.05"]
[Round "5.41"]
[White "Sowray, Peter J"]
[Black "Schut, Han"]
[Result "1-0"]
[WhiteTitle "FM"]
[WhiteElo "2357"]
[BlackElo "2161"]
[WhiteFideId "400971"]
[BlackFideId "1005561"]
[EventDate "2017.12.02"]

1. d4 Nf6 2. c4 g6 3. Nc3 d5 4. Nf3 Bg7 5. Qb3 dxc4 6. Qxc4 O-O 7. e4 a6 8. Be2
b5 9. Qb3 c5 10. dxc5 Be6 11. Qc2 Nbd7 12. Be3 Rc8 13. Rd1 b4 14. Nd5 Bxd5 15.
exd5 Nxc5 16. O-O Qd6 17. Rc1 Qb8 18. Qb1 Qd6 19. Qc2 Qb8 20. Qc4 Nce4 21. Qb3
Qd6 22. Rc6 Qxd5 23. Rxc8 Rxc8 24. Qxb4 Qxa2 25. Qxe7 Re8 26. Qb7 Ng4 27. Bc1
Nc5 28. Qc6 Qe6 29. Qxe6 Rxe6 30. Bc4 Rb6 31. h3 Ne5 32. Nxe5 Bxe5 33. Rd1 Ne6
34. b3 h5 35. Be3 Rc6 36. Rd5 Bc3 37. Rd7 Bb4 38. g4 hxg4 39. hxg4 a5 40. Ra7
Bc5 41. Ra8+ Kg7 42. Bd2 Nd4 43. Bxa5 Rf6 44. Bc3 Rf4 45. g5 Be7 46. Ra5 Kh7 47.
Kf1 Nf5 48. Ra8 Ng7 49. Ra7 Rxf2+ 50. Kxf2 Bc5+ 51. Kf3 Bxa7 52. Bxf7 Nf5 53.
Bf6 Be3 54. Bd5 Bd2 55. Ke4 Bb4 56. Be6 Ng7 57. Bf7 Nh5 58. Bd8 Kg7 59. Be8 Bd2
60. Kd3 Bc1 61. b4 Nf4+ 62. Kc2 Ne6 63. Kxc1 Nxd8 64. b5 Nb7 65. b6 Kf8 66. Bxg6
Nd8 67. Be4 1-0

[Event "London Classic Open 2017"]
[Site "London ENG"]
[Date "2017.12.05"]
[Round "5.42"]
[White "Klingher, Dominic"]
[Black "Stauskas, Lukas"]
[Result "1-0"]
[WhiteElo "2153"]
[BlackElo "2349"]
[WhiteFideId "428850"]
[BlackFideId "12808148"]
[EventDate "2017.12.02"]

1. e4 c5 2. Nf3 d6 3. d4 cxd4 4. Nxd4 Nf6 5. Nc3 a6 6. Bg5 Nc6 7. g3 Qb6 8. Bxf6
gxf6 9. Nb3 e6 10. Bg2 Bd7 11. O-O h5 12. a4 h4 13. a5 Qc7 14. Qe2 Be7 15. Rfd1
Rc8 16. Qg4 Ne5 17. Qg7 Ng6 18. f4 Qd8 19. e5 fxe5 20. fxe5 Bf8 21. Qf6 Qxf6 22.
exf6 hxg3 23. hxg3 Rc7 24. Rd4 Ne5 25. Re1 Rg8 26. Kh2 Ng4+ 27. Kg1 Nxf6 28. Rf4
Ng4 29. Nd5 Rxc2 30. Rxg4 Rxg4 31. Nf6+ Ke7 32. Nxg4 Rxb2 33. Nd4 e5 34. Ne3 Kd8
35. Ndf5 Kc7 36. Nd5+ Kb8 37. Nfe3 Bc6 38. Nb6 e4 39. Nec4 Rb4 40. Bxe4 d5 41.
Bxd5 Bc5+ 42. Kf1 Bb5 43. Kg2 Kc7 44. Rf1 1-0

[Event "London Classic Open 2017"]
[Site "London ENG"]
[Date "2017.12.05"]
[Round "5.43"]
[White "Gayson, Peter M"]
[Black "Fenil, Shah"]
[Result "0-1"]
[BlackTitle "FM"]
[WhiteElo "2145"]
[BlackElo "2324"]
[WhiteFideId "401838"]
[BlackFideId "5019850"]
[EventDate "2017.12.02"]

1. e4 c5 2. Nf3 e6 3. d4 cxd4 4. Nxd4 Nc6 5. Nc3 Qc7 6. Be2 a6 7. f4 b5 8. Nxc6
Qxc6 9. Bf3 Bb7 10. e5 Qc7 11. O-O Nh6 12. Be3 Nf5 13. Bf2 Bc5 14. Ne4 Bxf2+ 15.
Rxf2 O-O 16. Nd6 Bxf3 17. Rxf3 Qc5+ 18. Kh1 Nxd6 19. exd6 Rac8 20. c3 Rc6 21.
Rd3 b4 22. cxb4 Qxb4 23. Qd2 Rc4 24. Qxb4 Rxb4 25. Ra3 Rb6 26. Rd1 Rc8 27. Rc3
Rxc3 28. bxc3 f6 29. g3 Kf7 30. c4 Rc6 31. Rd4 e5 32. fxe5 fxe5 33. Re4 Kf6 34.
Kg2 Rxd6 35. Re2 Rc6 36. Re4 Ke6 37. Kf3 Rd6 38. Re2 Rd3+ 39. Kf2 Rc3 40. Re4
Rc2+ 41. Ke3 Rxh2 42. a4 Ra2 43. c5 Rc2 44. Rg4 g6 45. Rh4 h5 46. g4 Rc3+ 47.
Kf2 Rc4 0-1

[Event "London Classic Open 2017"]
[Site "London ENG"]
[Date "2017.12.05"]
[Round "5.44"]
[White "Marusenko, Petr"]
[Black "Paterek, Michal"]
[Result "0-1"]
[WhiteTitle "IM"]
[BlackTitle "FM"]
[WhiteElo "2145"]
[BlackElo "2315"]
[WhiteFideId "14100606"]
[BlackFideId "1116142"]
[EventDate "2017.12.02"]

1. d4 d5 2. c4 c6 3. Nf3 Nf6 4. Nc3 e6 5. e3 Nbd7 6. b3 Bb4 7. Bd2 Qe7 8. Bd3 e5
9. cxd5 Bxc3 10. Bxc3 Nxd5 11. Qc2 Nxc3 12. Qxc3 e4 13. d5 exf3 14. Qxg7 Qe5 15.
Qxe5+ Nxe5 16. Be4 fxg2 17. Bxg2 Rg8 18. Kf1 cxd5 19. Bxd5 Bh3+ 20. Ke2 O-O-O
21. Rac1+ Kb8 22. Rhd1 Bg4+ 23. f3 Rxd5 24. fxg4 Rxd1 25. Rxd1 Rxg4 26. Rd5 f6
27. Kf2 Rg8 28. h3 Kc7 29. Rd4 Rg7 30. Ra4 a6 31. Rh4 Kd6 32. Rd4+ Ke6 33. Rd8
Kf5 34. Rd4 Rd7 35. Rf4+ Ke6 36. Ke2 Rg7 37. Rb4 h5 38. Rb6+ Nc6 39. Kf3 Kd6 40.
a4 Kc7 41. a5 Rg5 42. b4 Re5 0-1

[Event "London Classic Open 2017"]
[Site "London ENG"]
[Date "2017.12.05"]
[Round "5.45"]
[White "Murphy, Conor E"]
[Black "Ethelontis, Alexandros N"]
[Result "1-0"]
[WhiteTitle "FM"]
[WhiteElo "2313"]
[BlackElo "2154"]
[WhiteFideId "421669"]
[BlackFideId "405469"]
[EventDate "2017.12.02"]

1. e4 e6 2. d4 d5 3. Nd2 c5 4. exd5 Qxd5 5. Ngf3 cxd4 6. Bc4 Qd6 7. O-O Nf6 8.
Nb3 Nc6 9. Nbxd4 Nxd4 10. Nxd4 Bd7 11. c3 Qc7 12. Qe2 O-O-O 13. g3 Bd6 14. Nb5
Bxb5 15. Bxb5 h5 16. Qc4 h4 17. Qxc7+ Bxc7 18. Be3 Ng4 19. Bd4 e5 20. Bxa7 hxg3
21. hxg3 Rd2 22. Rad1 Rhd8 23. Rb1 e4 24. Bd4 Be5 25. Rfd1 e3 26. Rxd2 exd2 27.
Be2 f5 28. Bxe5 Nxe5 29. Rd1 g5 30. f3 Kc7 31. a4 f4 32. gxf4 gxf4 33. b4 b6 34.
Kf1 Ng6 35. Bb5 Nh4 36. Ke2 Rg8 37. Rxd2 Rg2+ 38. Kd1 Rg1+ 39. Kc2 Nxf3 40. Rf2
Rg3 41. Be8 Ng1 42. Rxf4 Rxc3+ 43. Kxc3 Ne2+ 44. Kc4 Nxf4 45. Bf7 Kd6 46. Kb5
Kc7 47. Bc4 Kb7 48. Bf1 Ne6 49. Bg2+ Ka7 50. Kc6 Nd4+ 51. Kc7 Nc2 52. b5 Ne3 53.
Bf1 Nd5+ 54. Kc6 Nb4+ 55. Kd6 Na2 56. Bd3 Nc3 57. Bc2 Kb7 58. Kd7 Ka7 59. Kc6
Na2 60. Kc7 Nc3 61. Bb3 Ne4 62. a5 bxa5 63. b6+ Ka6 64. Bc4# 1-0

[Event "London Classic Open 2017"]
[Site "London ENG"]
[Date "2017.12.05"]
[Round "5.46"]
[White "Vignesh, B"]
[Black "Olson, Hamish"]
[Result "1/2-1/2"]
[WhiteElo "2287"]
[BlackElo "2146"]
[WhiteFideId "5073600"]
[BlackFideId "2404257"]
[EventDate "2017.12.02"]

1. e4 e5 2. Nf3 Nc6 3. Bc4 Nf6 4. d3 Be7 5. c3 d5 6. exd5 Nxd5 7. O-O O-O 8. Re1
Bg4 9. h3 Bh5 10. Nbd2 Nb6 11. Bb3 Qxd3 12. Nxe5 Bxd1 13. Nxd3 Bxb3 14. Nxb3 Nc4
15. Re4 Nd6 16. Re2 Rfe8 17. Bf4 b6 18. Rae1 Bf8 19. Ne5 Nxe5 20. Bxe5 f6 21.
Bxd6 Rxe2 22. Rxe2 Bxd6 23. Nd4 Kf7 24. Nf5 g6 25. Nxd6+ cxd6 26. Kf1 Rc8 27.
Ke1 Rc4 28. Kd2 Ra4 29. a3 h5 30. Kd3 d5 31. Rc2 Ke6 32. Re2+ Kd7 33. Re1 h4 34.
Ra1 Re4 35. b3 Kd6 36. a4 a5 37. Rb1 Re5 38. f3 Re7 39. b4 Re5 40. bxa5 bxa5 41.
Rb6+ Ke7 42. Rb5 Rg5 43. Rb2 Kd7 44. Kd4 Kc6 45. Re2 Kd6 46. Rf2 1/2-1/2

[Event "London Classic Open 2017"]
[Site "London ENG"]
[Date "2017.12.05"]
[Round "5.47"]
[White "Sedykh, Mikhail"]
[Black "Perez, Flavio"]
[Result "0-1"]
[BlackTitle "FM"]
[WhiteElo "2143"]
[BlackElo "2276"]
[WhiteFideId "447498"]
[BlackFideId "623911"]
[EventDate "2017.12.02"]

1. e4 g6 2. d4 Bg7 3. Nc3 d6 4. Be3 Nd7 5. Qd2 e5 6. Nge2 Ngf6 7. f3 c6 8. O-O-O
O-O 9. Bh6 b5 10. g4 b4 11. Nb1 d5 12. Bxg7 Kxg7 13. g5 Nh5 14. Ng3 Nf4 15. h4
f6 16. dxe5 fxe5 17. exd5 cxd5 18. Bd3 a5 19. Rdg1 Nc5 20. h5 Ncxd3+ 21. cxd3
Ba6 22. d4 Nd3+ 23. Kd1 Rxf3 24. Rh2 Nf4 25. hxg6 hxg6 26. Rgh1 Qxg5 27. Rh7+
Kf6 28. dxe5+ Qxe5 29. Re1 Rd3 30. Rxe5 Kxe5 31. Re7+ Kf6 32. Rc7 Re8 33. Rc5
Ree3 34. Rc6+ Re6 35. Rc5 a4 36. Ra5 Rxd2+ 37. Nxd2 b3 38. axb3 axb3 39. Nxb3
Bc4 40. Nd2 Bd3 41. Ndf1 Kg5 42. Kd2 Kg4 43. Ra3 Rb6 44. Ne3+ Kxg3 45. Nxd5
Rxb2+ 46. Kd1 Rb1+ 47. Kd2 Rb2+ 48. Kd1 g5 49. Nxf4 gxf4 50. Rxd3+ Kf2 51. Rd8
f3 52. Rg8 Re2 53. Rg7 Kf1 54. Rh7 Kg2 55. Rg7+ Kf2 56. Rf7 Re4 57. Kd2 Rd4+ 58.
Kc3 Rd8 59. Rg7 Ke2 60. Re7+ Kf1 61. Rf7 f2 62. Rg7 Re8 63. Kd2 Rd8+ 64. Kc3 Rd6
65. Rg8 Ra6 66. Kd2 Ra2+ 67. Kd3 Ke1 68. Re8+ Kd1 69. Rf8 Ra3+ 70. Kd4 Ke2 71.
Re8+ Kd2 72. Rf8 Ra4+ 73. Kd5 Ke2 74. Re8+ Kf3 0-1

[Event "London Classic Open 2017"]
[Site "London ENG"]
[Date "2017.12.05"]
[Round "5.48"]
[White "Paquico Rodriguez, Ivan"]
[Black "Merriman, John"]
[Result "1/2-1/2"]
[WhiteElo "2137"]
[BlackElo "2263"]
[WhiteFideId "2256320"]
[BlackFideId "402362"]
[EventDate "2017.12.02"]

1. d4 e6 2. c4 d5 3. Nc3 Be7 4. cxd5 exd5 5. e3 Nf6 6. Bd3 O-O 7. Nge2 Re8 8.
O-O Nbd7 9. Nf4 c6 10. f3 Nf8 11. Bc2 Ne6 12. e4 Nxf4 13. Bxf4 g6 14. e5 Nh5 15.
Be3 Ng7 16. g4 f5 17. h3 Bg5 18. Qd2 Bxe3+ 19. Qxe3 Qh4 20. Kg2 Ne6 21. Ne2 Rf8
22. gxf5 gxf5 23. f4 Kh8 24. Kh2 Rg8 25. Bxf5 Qh5 26. Bd3 Qh6 27. Rg1 Bd7 28.
Raf1 Rxg1 29. Rxg1 Rf8 30. Rf1 b6 31. Rf3 c5 32. dxc5 Nxc5 33. Qd4 Be6 34. b4
Nxd3 35. Qxd3 Bg4 36. Rf2 Bxe2 37. Qxe2 Rxf4 38. e6 Rxf2+ 39. Qxf2 Qxe6 40. Qf8+
Qg8 41. Qf6+ Qg7 42. Qd8+ Qg8 1/2-1/2

[Event "London Classic Open 2017"]
[Site "London ENG"]
[Date "2017.12.05"]
[Round "5.49"]
[White "Bates, Caspar J"]
[Black "Marzano, Carlo"]
[Result "1/2-1/2"]
[WhiteElo "2112"]
[BlackElo "2261"]
[WhiteFideId "414760"]
[BlackFideId "802980"]
[EventDate "2017.12.02"]

1. d4 d5 2. c4 dxc4 3. Nf3 Nf6 4. e3 e6 5. Bxc4 a6 6. O-O b5 7. Bb3 Bb7 8. Qe2
c5 9. Rd1 Nbd7 10. a4 Qb8 11. a5 Bd6 12. Nc3 Bxf3 13. Qxf3 c4 14. Bc2 Bxh2+ 15.
Kh1 Bd6 16. e4 e5 17. Nd5 exd4 18. e5 Bxe5 19. Re1 O-O 20. Ne7+ Kh8 21. Nc6 Qd6
22. Bd2 Rae8 23. Bb4 Nc5 24. Nxe5 Rxe5 25. Rxe5 Qxe5 26. Re1 Qc7 27. Qf5 Rc8 28.
Bxc5 Qxc5 29. Re8+ Rxe8 30. Qxc5 d3 31. Bxd3 cxd3 32. Qd4 h5 33. Qxd3 Ng4 34.
Qd2 Re6 35. f3 Ne3 36. Kg1 Kh7 37. b3 Nf5 38. Qd3 g6 39. g4 hxg4 40. fxg4 Nd6
41. Qd4 1/2-1/2

[Event "London Classic Open 2017"]
[Site "London ENG"]
[Date "2017.12.05"]
[Round "5.50"]
[White "Voss, Gunther"]
[Black "Blasco Coll, Andreu"]
[Result "1/2-1/2"]
[WhiteElo "2118"]
[BlackElo "2236"]
[WhiteFideId "4683234"]
[BlackFideId "22272836"]
[EventDate "2017.12.02"]

1. e4 c6 2. d4 d5 3. exd5 cxd5 4. Bd3 Nc6 5. c3 Qc7 6. Ne2 Bg4 7. f3 Bd7 8. Bf4
e5 9. dxe5 Nxe5 10. Bc2 Bd6 11. O-O Ne7 12. Kh1 O-O 13. Nd4 Rfe8 14. Nd2 N7g6
15. Bg3 Nc4 16. Bxd6 Nxd6 17. f4 Ne4 18. f5 Ne5 19. Bxe4 dxe4 20. Nxe4 Nc4 21.
Qg4 Qe5 22. Ng5 h6 23. Ngf3 Qc7 24. Qh5 Ne3 25. Rf2 Qc5 26. Nh4 Re5 27. Qf3 Rae8
28. Qxb7 Ng4 29. Rff1 Qe7 30. Nhf3 Re4 31. h3 Ne3 32. Rfe1 Qd6 33. Re2 1/2-1/2

[Event "London Classic Open 2017"]
[Site "London ENG"]
[Date "2017.12.05"]
[Round "5.51"]
[White "Barj, Julien"]
[Black "Woong, Zhi Wei William"]
[Result "1/2-1/2"]
[BlackTitle "CM"]
[WhiteElo "2226"]
[BlackElo "2137"]
[WhiteFideId "629200"]
[BlackFideId "5804906"]
[EventDate "2017.12.02"]

1. e4 c5 2. Nf3 e6 3. d4 cxd4 4. Nxd4 a6 5. Bd3 Nf6 6. O-O e5 7. Bg5 h6 8. Bxf6
Qxf6 9. Nf5 g6 10. Ne3 Bc5 11. Nc3 d6 12. b4 Ba7 13. Ncd5 Qd8 14. Ng4 O-O 15.
Nxh6+ Kg7 16. Ng4 Qg5 17. Ngf6 Nd7 18. Qg4 Qxg4 19. Nxg4 Nb6 20. Nge3 Nxd5 21.
Nxd5 Be6 22. Nc7 Rac8 23. Nxe6+ fxe6 24. c4 a5 25. bxa5 Bd4 26. Rab1 Rf7 27. Be2
Ra8 28. Rb5 Bc3 29. Rc1 Bxa5 30. Rc2 b6 31. Bg4 Kf6 32. Rb3 Re7 33. Rb5 Rc8 34.
Be2 Rc5 35. Rxc5 dxc5 36. f3 Rd7 37. Kf2 Rd2 38. Rxd2 Bxd2 39. h4 Bh6 40. g4 g5
41. h5 Ke7 42. Bd1 Kd6 43. Ba4 Kc7 44. Ke2 Kb7 45. Bb5 Kc7 46. Kd3 Bf8 47. Kc2
Bh6 48. Kb3 Bf8 49. Ka4 Bh6 50. Be8 Bf8 51. Kb5 Bh6 52. Bf7 Bf8 53. Bxe6 Bh6 54.
Bf5 Bg7 55. a4 Bf8 56. f4 gxf4 57. g5 Be7 58. h6 Bxg5 59. h7 Bf6 60. Bg4 Bg7 61.
Be2 Bf6 62. a5 bxa5 63. Kxc5 a4 64. Kb4 Kc6 65. c5 f3 66. Bb5+ Kc7 67. Kxa4 f2
68. Bf1 Kc6 69. Kb4 Bg7 70. Bb5+ Kc7 71. Kc3 Bf6 72. Kd2 f1=Q 73. Bxf1 Kc6 1/2-1/2

[Event "London Classic Open 2017"]
[Site "London ENG"]
[Date "2017.12.05"]
[Round "5.52"]
[White "Bukojemski, Adam"]
[Black "Englisch, Colya"]
[Result "1-0"]
[WhiteElo "2224"]
[BlackElo "2128"]
[WhiteFideId "1114620"]
[BlackFideId "36080420"]
[EventDate "2017.12.02"]

1. d4 Nf6 2. c4 c5 3. Nf3 g6 4. Nc3 Bg7 5. e4 O-O 6. Be2 d6 7. O-O Nc6 8. d5 Na5
9. Bd2 e5 10. Ne1 Ne8 11. a3 b6 12. b4 Nb7 13. Rc1 Qe7 14. g3 Bh3 15. Ng2 f5 16.
exf5 gxf5 17. f4 e4 18. Be3 Nf6 19. Qd2 Nd8 20. Nd1 h5 21. Nf2 Bg4 22. h3 Bxe2
23. Qxe2 Qd7 24. Bd2 Qf7 25. Nh4 Nxd5 26. cxd5 Qxd5 27. Rfd1 Ne6 28. Qxh5 Nd4
29. Be3 Qe6 30. Kg2 Rf7 31. Qg5 Kf8 32. g4 Nf3 33. Nxf3 exf3+ 34. Kxf3 Re8 35.
Rd3 Bh6 36. Qh5 d5 37. g5 d4 38. Qxh6+ Qxh6 39. gxh6 dxe3 40. Rxe3 Rxe3+ 41.
Kxe3 1-0

[Event "London Classic Open 2017"]
[Site "London ENG"]
[Date "2017.12.05"]
[Round "5.53"]
[White "Stigar, Petter"]
[Black "Ongut, Tamas Gunes"]
[Result "1/2-1/2"]
[WhiteTitle "FM"]
[WhiteElo "2214"]
[BlackElo "2119"]
[WhiteFideId "1500341"]
[BlackFideId "770280"]
[EventDate "2017.12.02"]

1. d4 Nf6 2. Nf3 g6 3. c4 Bg7 4. Nc3 O-O 5. e4 d6 6. Be2 e5 7. O-O Nc6 8. Be3
Ng4 9. Bg5 f6 10. Bc1 f5 11. Bg5 Qe8 12. exf5 Bxf5 13. d5 Ne7 14. Nd2 Nf6 15. g4
Bd7 16. Nde4 Nxe4 17. Nxe4 h6 18. Be3 g5 19. c5 Nc8 20. Rc1 Bb5 21. f3 Bxe2 22.
Qxe2 Qf7 23. Qc4 Ne7 24. cxd6 Nxd5 25. Bc5 1/2-1/2

[Event "London Classic Open 2017"]
[Site "London ENG"]
[Date "2017.12.05"]
[Round "5.54"]
[White "Ledger, Dave J"]
[Black "Kim, Jinsoo"]
[Result "1-0"]
[WhiteTitle "FM"]
[WhiteElo "2209"]
[BlackElo "1986"]
[WhiteFideId "401986"]
[BlackFideId "13202405"]
[EventDate "2017.12.02"]

1. e4 c5 2. Nf3 d6 3. d4 cxd4 4. Nxd4 Nf6 5. f3 a6 6. c4 g6 7. Nc3 Bg7 8. Be3
O-O 9. Be2 Nc6 10. Qd2 Bd7 11. O-O Rb8 12. Rfd1 b5 13. cxb5 Nxd4 14. Bxd4 axb5
15. e5 Ne8 16. exd6 Bxd4+ 17. Qxd4 Nxd6 18. Nd5 Bc6 19. Nf6+ exf6 20. Qxd6 Qxd6
21. Rxd6 Rfe8 22. Kf2 Re6 23. Rad1 Kg7 24. a3 f5 25. R1d4 Kf6 26. Rxe6+ fxe6 27.
Rb4 Rb7 28. f4 e5 29. fxe5+ Kxe5 30. Bf3 Kd6 31. a4 Bxf3 32. Kxf3 Kc5 33. Rxb5+
Rxb5 34. axb5 g5 35. Ke3 h6 36. b6 Kxb6 37. Kd4 f4 38. Ke4 Kc5 39. h3 Kc4 40.
Kf3 h5 41. h4 gxh4 42. Kxf4 1-0

[Event "London Classic Open 2017"]
[Site "London ENG"]
[Date "2017.12.05"]
[Round "5.55"]
[White "Haribalu, V."]
[Black "Bansal, Rohan"]
[Result "0-1"]
[WhiteElo "2205"]
[BlackElo "1971"]
[WhiteFideId "5015189"]
[BlackFideId "425052"]
[EventDate "2017.12.02"]

1. e4 e6 2. d4 d5 3. Nd2 c5 4. exd5 Qxd5 5. Ngf3 cxd4 6. Bc4 Qd7 7. O-O Nc6 8.
Nb3 Nf6 9. Bb5 a6 10. Ne5 Qc7 11. Nxc6 bxc6 12. Bf4 Qd7 13. Ba4 Bb7 14. Na5 Bc5
15. c3 Rd8 16. Qb3 Ba8 17. Qc4 Qd5 18. Qxa6 O-O 19. b4 Bd6 20. c4 Qh5 21. Bxd6
Rxd6 22. c5 Rd5 23. Bxc6 Bxc6 24. Nxc6 Rg5 25. f4 Rg4 26. Qe2 Nd5 27. h3 Qxh3
28. Ne5 Rg3 29. Rf3 Ne3 30. Rxg3 Qxg3 31. Qf3 Qh4 32. b5 Qe7 33. Rc1 f6 34. Nc6
Qd7 35. Qe4 e5 36. fxe5 fxe5 37. Qxe5 Qg4 38. Qh2 d3 39. Ne5 d2 0-1

[Event "London Classic Open 2017"]
[Site "London ENG"]
[Date "2017.12.05"]
[Round "5.56"]
[White "Rizzoli, Aluna"]
[Black "Kett, Tim"]
[Result "0-1"]
[WhiteElo "1899"]
[BlackElo "2204"]
[WhiteFideId "843881"]
[BlackFideId "1801210"]
[EventDate "2017.12.02"]

1. Nf3 d5 2. d4 Nf6 3. Bf4 e6 4. e3 c5 5. c3 Nc6 6. Nbd2 Nh5 7. Bg3 Nxg3 8. hxg3
Bd7 9. Bd3 Qc7 10. Ng5 Be7 11. Nh3 O-O-O 12. Qc2 Kb8 13. dxc5 Bxc5 14. Nb3 Be7
15. Nf4 g6 16. Nd4 Ne5 17. Be2 Rc8 18. Qb3 h5 19. a4 Nc4 20. Nd3 e5 21. Nb5 Qb6
22. Nb4 Be6 23. Bxc4 Rxc4 24. Na3 Rxb4 25. cxb4 d4 26. Qd3 Qxb4+ 27. Qd2 dxe3
28. Qxb4 Bxb4+ 29. Ke2 exf2 30. Kxf2 Bc5+ 31. Ke1 Rd8 32. Nc2 Bb3 33. Rd1 Rxd1+
34. Kxd1 Bxa4 35. Kd2 Bc6 36. Re1 f6 37. Re2 Kc7 38. Kc3 b5 39. Rd2 a5 40. b4
axb4+ 41. Nxb4 Bd4+ 42. Kd3 Bb7 43. Ra2 f5 44. Na6+ Kb6 45. Nb8 Be4+ 46. Ke2
Bxg2 47. Nd7+ Kb7 48. Nf8 Bd5 49. Rd2 g5 50. Nh7 h4 51. Nxg5 hxg3 52. Nf3 g2 0-1

[Event "London Classic Open 2017"]
[Site "London ENG"]
[Date "2017.12.05"]
[Round "5.57"]
[White "Vishnu Prasanna, V"]
[Black "Russell, Christopher"]
[Result "1-0"]
[WhiteTitle "GM"]
[WhiteElo "2536"]
[BlackElo "2103"]
[WhiteFideId "5030692"]
[BlackFideId "413569"]
[EventDate "2017.12.02"]

1. d4 e6 2. c4 f5 3. Nc3 Nf6 4. Qc2 Bb4 5. e3 b6 6. Bd3 Bxc3+ 7. Qxc3 Ne4 8. Qc2
Bb7 9. Nh3 O-O 10. O-O Na6 11. a3 c5 12. f3 Nf6 13. b3 Qe8 14. Bb2 Qh5 15. Rae1
Rae8 16. d5 exd5 17. Nf4 Qh6 18. Nxd5 Nxd5 19. cxd5 Nc7 20. e4 Kh8 21. b4 d6 22.
bxc5 bxc5 23. Bc4 fxe4 24. fxe4 Qg6 25. Qc3 Ba6 26. Bxa6 Nxa6 27. Qa5 Nb8 28.
Qxa7 Rg8 29. e5 Qc2 30. Qb7 Qd2 31. e6 c4 32. Rc1 Rc8 33. Bc3 Qa2 34. Rce1 Qc2
35. Bxg7+ Rxg7 36. Qxc8+ Rg8 37. Qxg8+ 1-0